The students' standard English-Urdu dictionary. (Record no. 68069)

MARC details
000 -LEADER
fixed length control field 00636cam a22002291 4500
001 - CONTROL NUMBER
control field sa 66001922
003 - CONTROL NUMBER IDENTIFIER
control field DLC
005 - DATE AND TIME OF LATEST TRANSACTION
control field 20260227112225.0
008 - FIXED-LENGTH DATA ELEMENTS--GENERAL INFORMATION
fixed length control field 870914s1965 pk d 000 0 eng
010 ## - LIBRARY OF CONGRESS CONTROL NUMBER
LC control number sa 66001922
025 ## - OVERSEAS ACQUISITION NUMBER
Overseas acquisition number PL480:P-E-882
035 ## - SYSTEM CONTROL NUMBER
System control number (OCoLC)16677539
040 ## - CATALOGING SOURCE
Original cataloging agency DLC
Transcribing agency WaU
Modifying agency WaU
-- DLC
041 0# - LANGUAGE CODE
Language code of text/sound track or separate title engurd
042 ## - AUTHENTICATION CODE
Authentication code premarc
050 00 - LIBRARY OF CONGRESS CALL NUMBER
Classification number PK1976
Item number .H3
100 0# - MAIN ENTRY--PERSONAL NAME
Personal name ʻAbdulḥaq,
Dates associated with a name 1869-1961.
245 14 - TITLE STATEMENT
Title The students' standard English-Urdu dictionary.
260 ## - PUBLICATION, DISTRIBUTION, ETC.
Place of publication, distribution, etc. Karachi,
Name of publisher, distributor, etc. Anjuman Taraqqi-e-Urdu,
Date of publication, distribution, etc. 1965.
300 ## - PHYSICAL DESCRIPTION
Extent 1462, 11, 19 p.
Dimensions 23 cm.
650 #0 - SUBJECT ADDED ENTRY--TOPICAL TERM
Topical term or geographic name entry element English language
General subdivision Dictionaries
-- Urdu.

No items available.

Powered by Koha